| 000 | 00814nam a2200241 4500 | ||
|---|---|---|---|
| 008 | b xx# eng u | ||
| 010 | _a50787 | ||
| 020 | _a0201695138 | ||
| 020 | _a9780201695137 | ||
| 040 | _aLB-BrCRDP | ||
| 082 | _a428.007/S674c | ||
| 100 | 1 | _aSnow, Marguerite Ann, ed. | |
| 130 | 1 | _lEN | |
| 245 | 1 | 0 |
_aThe content-based classroom _bperspectives on integrating language and content _cedited by Marguerite Ann Snow, Donna M. Brinton |
| 260 |
_aNew York _bLongman _c1997 |
||
| 300 |
_axvi, 431p. : _bfig., tables ; _c23cm |
||
| 500 | _aBibliography and index at the end | ||
| 650 |
_aEnglish language _xStudy and teaching-Foreign speakers |
||
| 650 | _aInterdisciplinary approach in education | ||
| 700 | 1 | 0 | _aBrinton, Donna, ed. |
| 942 | _cBK | ||
| 999 |
_c12858 _d12858 |
||